Statistiques concernant 15 principaux pays touchés par Covid-19 - 13 octobre 2021

Cliquez ici pour prendre le quiz!

Statistiques générales

  • Ce quiz a été pris 27 fois
  • Le résultat moyen est 12 sur 27

Statistiques - réponses

pays% Correct
Etats-Unis
96%
France
96%
Italie
91%
Espagne
87%
Brésil
83%
Russie
83%
Royaume-Uni
78%
Inde
74%
Mexique
74%
Allemagne
70%
Belgique
52%
Argentine
48%
Pays-Bas
39%
Suède
35%
Turquie
35%
Colombie
26%
Indonésie
26%
Iran
22%
Serbie
13%
Tchèquie
13%
Estonie
9%
Israël
9%
Lituanie
9%
Uruguay
9%
Slovénie
4%
Bahreïn
0%
Géorgie
0%

Distribution des résultats

Percentile par nombre de réponses

% des personnes avec chaque résultat

Votre développement - résultats

Vous n’avez pas pris ce quiz